000
00297nam a22001217a 4500
008
181106b xxu||||| |||| 00| 0 eng d
041
_a
eng
080
_a
610
100
_a
4
101
_a
SHM
245
_a
A Syllabus of Laboratory Examinations in Clinical Diagnosis
_c
Page,L.B
942
_2
udc
_c
BK
999
_c
51923
_d
51923